000 01990cam a22004574i 4500
003 PE-LiUPU
005 20250731173302.0
008 150625s2004 sp rb 000 0 spa d
035 _a(Sirsi) a36323
040 _aPE-LiUPU
_bspa
_cPE-LiUPU
_erda
082 0 4 _a270.1
_bL25
_221
100 1 _aLaporte, Jean,
_eautor.
245 1 4 _aLos padres de la iglesia :
_bPadres griegos y latinos en sus textos /
_cJean Laporte.
264 1 _aMadrid :
_bSan Pablo,
_c2004.
300 _a775 páginas ;
_c24 centímetros.
336 _atext
_2rdacontent
337 _aunmediated
_2rdamedia
338 _avolume
_2rdacarrier
490 0 _aMonumenta
504 _aIncluye referencias bibliográficas.
505 0 _aLos padres Latinos: Justino mártir -- Ireneo de Lyon -- El "Pastor" de Hermes -- Tertuliano -- Cipriano, el obispo mártir de Cartago -- Jerónimo (347-419) -- Ambrosio (340-397) -- Agustín -- Benito y la regla benedicta, etc. -- Los Padres Griegos: Ignacio de Antioquía -- Clemente de Alejandría -- Orígenes -- Cirilo de Jerusalén -- Atanasio de Alejandría -- Casiano. - Juan Crisóstomo -- Evagrio y la tradición origenista -- Pesado-Dionisio Areopagita.
526 _aSEG42
526 _aSEG41
526 _aSEG40
526 _aSEG39
526 _aP94
526 _aP87
526 _aP86
526 _aP85
526 _aP77
526 _aP76
526 _aP35
541 _g007-0003333;
650 0 4 _aPadres de la iglesia
_xEstudio.
650 0 4 _aFilosofía cristiana (Patrística).
910 _baj
_cnm
_d20050712
942 _2ddc
_cBOOK
949 _a270.1 L25
_wDEWEY
_c1
_i55489
_lCCODEBUL1
_mBUL
_p24.00
_r0
_sY
_tBOOK
_u2015-06-25
_xTEOLOGIA
_zUNKNOWN
_0COMPRA
_o.STAFF. Colección Teología
596 _a1
999 _a270.1 L25
_wDEWEY
_c44383
_i55489
_d44383
_e2019-6-17
_f2021-11-11
_g6
_lCCODEBUL1
_mBUL
_n25
_p24.00
_q9
_r0
_sY
_tBOOK
_u2015-6-25
_xTEOLOGIA
_PP35
_0COMPRA
_o.STAFF. Colección Teología
980 _81
_gALBERTO SANCHEZ Responsable de Automatización